Welcome to WEB OPAC of MRSPTU Central Library

Introductory quantum Chemistry (Record no. 5760)

MARC details
000 -LEADER
fixed length control field 00430nam a2200169Ia 4500
008 - FIXED-LENGTH DATA ELEMENTS--GENERAL INFORMATION
fixed length control field 230711s9999||||xx |||||||||||||| ||und||
020 ## - INTERNATIONAL STANDARD BOOK NUMBER
International Standard Book Number 978-0-07-462054-0
041 ## - LANGUAGE CODE
Language code of text/sound track or separate title ENG
082 ## - DEWEY DECIMAL CLASSIFICATION NUMBER
Classification number 541
Item number CH-I
100 ## - MAIN ENTRY--PERSONAL NAME
Personal name Chandra,A.K
245 #0 - TITLE STATEMENT
Title Introductory quantum Chemistry
250 ## - EDITION STATEMENT
Edition statement 4th Ed.
260 ## - PUBLICATION, DISTRIBUTION, ETC.
Date of publication, distribution, etc. 2016
Place of publication, distribution, etc. New Delhi
Name of publisher, distributor, etc. McGraw Hill Education(India) Private Limited
300 ## - PHYSICAL DESCRIPTION
Extent 389p.
650 ## - SUBJECT ADDED ENTRY--TOPICAL TERM
Topical term or geographic name entry element Chemistry
942 ## - ADDED ENTRY ELEMENTS (KOHA)
Koha item type Book
Holdings
Withdrawn status Lost status Damaged status Not for loan Collection Home library Current library Date acquired Cost, normal purchase price Inventory number Total checkouts Full call number Barcode Date last seen Price effective from Koha item type Date last checked out
          MRSPTU Central Library MRSPTU Central Library   575.00 49542485   541 CH-I 31141 08/17/2023 08/17/2023 Book  
          MRSPTU Central Library MRSPTU Central Library   575.00 49542485 1 541 CH-I 31142 01/10/2025 08/17/2023 Book 09/19/2024
          MRSPTU Central Library MRSPTU Central Library   575.00 49542485   541 CH-I 31143 08/17/2023 08/17/2023 Book  
          MRSPTU Central Library MRSPTU Central Library   575.00 49542485 1 541 CH-I 31144 11/29/2024 08/17/2023 Book 11/05/2024
          MRSPTU Central Library MRSPTU Central Library   575.00 49542485   541 CH-I 31145 08/17/2023 08/17/2023 Book  
          MRSPTU Central Library MRSPTU Central Library         541.28 CH-I 34677 08/17/2023 08/17/2023 Book  
          MRSPTU Central Library MRSPTU Central Library         541.28 CH-I 34678 08/17/2023 08/17/2023 Book  
          MRSPTU Central Library MRSPTU Central Library       5 541.28 CH-I 34679 09/09/2025 08/17/2023 Book 08/25/2025
          MRSPTU Central Library MRSPTU Central Library         541.28 CH-I 34680 08/17/2023 08/17/2023 Book  

Website Designed and Developed by MRSPTU Central Library Team

E-mail Id: librarian@mrsptu.ac.in